[Event "GER North-chT U16"]
[Site "Magdeburg"]
[Date "2006.08.26"]
[Round "2.4"]
[White "Kussin, Niklas"]
[Black "Burchardt, Christian"]
[Result "1-0"]
[WhiteElo "827"]
[BlackElo "927"]
[PlyCount "29"]
[EventDate "2006.08.26"]
[EventType "team"]
[EventRounds "7"]
[EventCountry "GER"]
[SourceTitle "EXT 2007"]
[Source "ChessBase"]
[SourceDate "2006.11.23"]
[SourceVersion "1"]
[SourceVersionDate "2006.11.23"]
[SourceQuality "1"]

1. e4 e5 2. Nf3 Nc6 3. Bc4 Bc5 4. d3 Nf6 5. Nc3 d6 6. Bg5 h6 7. Bh4 Be6 8. Bxe6 fxe6 9. Qd2 Rf8 10. 0-0-0 d5 11. exd5 exd5 12. Rde1 Qd6 13. Bg3 Nd7 14. Nb5 Qe6 15. Nxc7+ 1-0